000 00450nam a2200157Ia 4500
008 160316s1996 xxu||||| |||| 00| 0 eng d
082 _a923.200000
_bBOS
100 _aBose Sisir K
245 _aA beacon across Asia : A biography of Subhas Chandra Bose
250 _a
260 _aHyderabad
_bOrient Longman
_c1996
300 _a284p
_b
_cx
365 _bRs.360
650 _a1. Biography - Subash Chandra Bose
700 _aWerth Alexander
_aAyer S A
999 _c14467
_d14467